000 00445nam a2200181Ia 4500
001 23899
005 20260414151008.0
008 260414t2002||||xx |||||||||||||| ||spa||
041 _aESP
082 _a720.946
_bA177
100 _aPozo, José Manuel
_eAUT
245 0 _aArquitectura, ciudad e ideología antiurbana
_b
260 _c2002
300 _a203 páginas :
_c24 cm.
650 _aABD
654 _aCAU
942 _cLIB
_dJUS
_fJUS
_2ddc
_n
999 _c23899
_d23899